| 000 | 00568nam a2200169 i 4500 | ||
|---|---|---|---|
| 001 | 83977 | ||
| 003 | ES-MaACL | ||
| 005 | 20230906174926.0 | ||
| 007 | t| | ||
| 008 | 041119s1943 sp ||||1| spa d | ||
| 100 | 1 |
_aJaschke, Rudolph Th. von. _966148 |
|
| 245 | 1 | 0 |
_aTratado de Obstetricia / _cpor Rudolph Th. von Jaschke ; traducción de la cuarta edición alemana por Emilio Ardevol. |
| 260 |
_aBarcelona : _bLabor, _c1943 ( _fIbero-Americanos) |
||
| 300 |
_aXV, 789 p. : _bil. ; _c29 cm. |
||
| 700 | 1 |
_aArdevol, Emilio. _922537 |
|
| 852 |
_aES-MaACL _jE-131 _bR.20563 |
||
| 999 |
_c83977 _d83977 |
||